LEADER 03268nam 22007455 450 001 9910484434403321 005 20251204104300.0 010 $a3-662-53918-7 024 7 $a10.1007/978-3-662-53918-7 035 $a(CKB)4100000001795295 035 $a(DE-He213)978-3-662-53918-7 035 $a(MiAaPQ)EBC5217691 035 $a(PPN)223953334 035 $a(EXLCZ)994100000001795295 100 $a20180111d2017 u| 0 101 0 $ager 135 $aurnn|008mamaa 181 $ctxt$2rdacontent 182 $cc$2rdamedia 183 $acr$2rdacarrier 200 10$aWebdesign $eInterfacedesign - Screendesign - Mobiles Webdesign /$fvon Peter Bühler, Patrick Schlaich, Dominik Sinner 205 $a1st ed. 2017. 210 1$aBerlin, Heidelberg :$cSpringer Berlin Heidelberg :$cImprint: Springer Vieweg,$d2017. 215 $a1 online resource (X, 98 S. 50 Abb.) 225 1 $aBibliothek der Mediengestaltung,$x2520-1069 311 08$a3-662-53917-9 320 $aIncludes bibliographical references and index. 327 $aVorwort -- Einleitung -- Schrifttechnologie -- Interfacedesign -- Screendesign -- Mobiles Webdesign -- Index. . 330 $aDieser Band der ?Bibliothek der Mediengestaltung? behandelt die Konzeption und Gestaltung von Webanwendungen mit Fokus auf Screen- und Interfacedesign für mobile Endgeräte. Für diese Bibliothek wurden die Themen des Kompendiums der Mediengestaltung neu strukturiert, vollständig überarbeitet und in ein handliches Format gebracht. Leitlinien waren hierbei die Anpassung an die Entwicklungen in der Werbe- und Medienbranche sowie die Berücksichtigung der aktuellen Rahmenpläne und Studienordnungen sowie Prüfungsanforderungen der Ausbildungs- und Studiengänge. Die Bände der ?Bibliothek der Mediengestaltung? enthalten zahlreiche praxisorientierte Aufgaben mit Musterlösungen und eignen sich als Lehr- und Arbeitsbücher an Schulen und Hochschulen sowie zum Selbststudium. 410 0$aBibliothek der Mediengestaltung,$x2520-1069 606 $aInteractive multimedia 606 $aMultimedia systems 606 $aPrinting 606 $aPublishers and publishing 606 $aGraphic arts 606 $aArt$xStudy and teaching 606 $aArts 606 $aMedia Design 606 $aPrinting and Publishing 606 $aGraphic Design 606 $aCreativity and Arts Education 606 $aArts 615 0$aInteractive multimedia. 615 0$aMultimedia systems. 615 0$aPrinting. 615 0$aPublishers and publishing. 615 0$aGraphic arts. 615 0$aArt$xStudy and teaching. 615 0$aArts. 615 14$aMedia Design. 615 24$aPrinting and Publishing. 615 24$aGraphic Design. 615 24$aCreativity and Arts Education. 615 24$aArts. 676 $a005.72 700 $aBühler$b Peter$4aut$4http://id.loc.gov/vocabulary/relators/aut$01224740 702 $aSchlaich$b Patrick$4aut$4http://id.loc.gov/vocabulary/relators/aut 702 $aSinner$b Dominik$4aut$4http://id.loc.gov/vocabulary/relators/aut 801 0$bMiAaPQ 801 1$bMiAaPQ 801 2$bMiAaPQ 906 $aBOOK 912 $a9910484434403321 996 $aWebdesign$92847818 997 $aUNINA